000 00727cab a2200181 4500
001 L129732
008 050516n2005 000 0 eng u
035 _a(Sirsi) u129732
041 _aeng
110 _aFranklin and Andrews
_92518
245 _aKeeping hospitals healthy
260 _c2005
490 _aQS Week
_v27 April 2005, 14-15(2)
520 _aGives details of whole life costings for health facilities. Notes that general hospitals have a whole life cost of double that of other health buildings. With tables of percentage breakdowns for facilities, including health centres and nursing homes, and also a total cost analysis.
590 _aIKA190505
690 _aBUILT ENVIRONMENT-BUILDING COSTS
942 _n0
999 _c75243
_d75243